书目信息 |
| 题名: |
近代的尺度
|
|
| 作者: | 茅海建 著 | |
| 分册: | ||
| 出版信息: | 北京 生活·读书·新知三联书店 2018.06 |
|
| 页数: | 378页 | |
| 开本: | 23cm | |
| 丛书名: | ||
| 单 册: | ||
| 中图分类: | E295.2 , D829 | |
| 科图分类: | ||
| 主题词: | 军事史--jun shi shi--研究--中国--清后期 , 外交史--wai jiao shi--研究--中国--清后期 | |
| 电子资源: | ||
| ISBN: | 978-7-108-06222-2 | |
| 000 | 01642nam0 2200301 450 | |
| 001 | 469731 | |
| 005 | 20201119145830.05 | |
| 010 | @a978-7-108-06222-2@b精装@dCNY65.00 | |
| 100 | @a20181010e20202018em y0chiy50 ea | |
| 101 | 0 | @achi |
| 102 | @aCN@b110000 | |
| 105 | @aa az 000yy | |
| 106 | @ar | |
| 200 | 1 | @a近代的尺度@9jin dai de chi du@e两次鸦片战争军事与外交@f茅海建著 |
| 205 | @a增订本 | |
| 210 | @a北京@c生活·读书·新知三联书店@d2018.06@h2020.05 | |
| 215 | @a378页@c图@d23cm | |
| 314 | @a茅海建,澳门大学历史系特聘教授、华东师范大学历史系特聘教授。曾任中国社会科学院近代史研究所研究员、北京大学历史学系教授。主要著作有《天朝的崩溃:鸦片战争再研究》《苦命天子:咸丰帝奕詝》等。 | |
| 320 | @a有书目(第369-374页) | |
| 330 | @a本书作者对交战双方的军队编制、人员、兵器、统帅以及军费等方面进行详尽的检讨,改变以往近代史研究者较少从上述角度揭示中国方面失败原因的做法,还原了19世纪的一段重要历史。作者指出,庞大的中国军队之所以败给了数千名敌军,除政治的原因外,还因为当时中国军事建设,如战备、训练、军制、指挥调度系统,甚至常为国人自豪的兵法都存在很多问题,难以适应殖民时代工业大国的侵略战争;而在外交上,通过广州反对英国人入城的斗争、公使驻京两事的重点分析,清廷上下“天朝”观念和体制在面对西方列强时的外交“失矩”,说明传统国家在适应国际社会的过程中榫卯不合的种种痛楚。 | |
| 517 | 1 | @a两次鸦片战争军事与外交@9liang ci ya pian zhan zheng jun shi yu wai jiao |
| 606 | 0 | @a军事史@9jun shi shi@x研究@y中国@z清后期 |
| 606 | 0 | @a外交史@9wai jiao shi@x研究@y中国@z清后期 |
| 690 | @aE295.2@v5 | |
| 690 | @aD829@v5 | |
| 701 | 0 | @a茅海建@9Mao Hai Jian@4著 |
| 801 | 0 | @aCN@bBJSZM@c20201119 |
| 905 | @b1268221-5@dE295.2@e115=2@f5 | |
| 近代的尺度:两次鸦片战争军事与外交/茅海建著.-增订本.-北京:生活·读书·新知三联书店,2018.06(2020.05) |
| 378页:图;23cm |
| ISBN 978-7-108-06222-2(精装):CNY65.00 |
| 本书作者对交战双方的军队编制、人员、兵器、统帅以及军费等方面进行详尽的检讨,改变以往近代史研究者较少从上述角度揭示中国方面失败原因的做法,还原了19世纪的一段重要历史。作者指出,庞大的中国军队之所以败给了数千名敌军,除政治的原因外,还因为当时中国军事建设,如战备、训练、军制、指挥调度系统,甚至常为国人自豪的兵法都存在很多问题,难以适应殖民时代工业大国的侵略战争;而在外交上,通过广州反对英国人入城的斗争、公使驻京两事的重点分析,清廷上下“天朝”观念和体制在面对西方列强时的外交“失矩”,说明传统国家在适应国际社会的过程中榫卯不合的种种痛楚。 |
| ● |
| 相关链接 |
|
|
|
|
正题名:近代的尺度
索取号:E295.2/115=2
 
预约/预借
| 序号 | 登录号 | 条形码 | 馆藏地/架位号 | 状态 | 备注 |
| 1 | 1268221 | 212682211 | 第一样本阅览室/ [索取号:E295.2/115=2] | 在馆 | |
| 2 | 1268222 | 212682220 | 教育系资料室/ [索取号:E295.2/115=2] | 在馆 | |
| 3 | 1268223 | 212682239 | 教育系资料室/ [索取号:E295.2/115=2] | 在馆 | |
| 4 | 1268224 | 212682248 | 第一借阅区/ [索取号:E295.2/115=2] | 在馆 | |
| 5 | 1268225 | 212682257 | 第一借阅区/ [索取号:E295.2/115=2] | 在馆 |